000 00578nam a2200169 a 4500
008 081120s2005 ||||||||||||||||| || u
020 _a0752864122
050 _aPS 3612.A65 R627
100 _aLarkin, Parick
245 1 0 _aRobert Ludlum's the Lazarous vendetta: a covert-one novel
260 _aLondon
_bOrion
_c2005
300 _a417p.
350 _a0.00
650 _aENGLISH LANGUAGE
700 _aLudlum, Robert
995 _D65000.00
_FCBU-MAIN LIBRARY (Kitwe)
_H1
_I0.00
_M1
_UAVAILABLE
_WNov 26, 2008
_ZFiction Collection
999 _c56631
_d56631